Statistics for Ancient Cities Quiz

Click here to take the quiz!

General Stats

  • This quiz has been taken 48,148 times
    (12,831 since last reset)
  • The average score is 15 of 20

Answer Stats

Cities Modern Country % Correct
Pompeii | RavennaItaly
97%
Sparta | MycenaeGreece
96%
Machu Picchu | CuscoPeru
96%
Tenochtitlan | TexcocoMexico
94%
Babylon | NinevehIraq
92%
Xanadu | Chang'anChina
91%
Troy | AntiochTurkey
89%
Edo | AsukaJapan
86%
Memphis | CrocodilopolisEgypt
82%
Angkor | MahendraparvataCambodia
79%
Petra | JerashJordan
79%
Carthage | UticaTunisia
78%
Timbuktu | GaoMali
66%
Persepolis | NishapurIran
66%
Ayutthaya | SukhothaiThailand
55%
Tikal | UaxactunGuatemala
52%
Tyre | SidonLebanon
48%
Aquae Sulis | EboracumUnited Kingdom
46%
Acre | TiberiasIsrael
39%
Kharakhorum | Ordu-BaliqMongolia
33%

Score Distribution

Percentile by Number Answered

Percent of People with Each Score

Your Score History

You have not taken this quiz since the last reset